000
00307nam a22001337a 4500
082
_a
891.4393 HAS
100
_a
Hashim Nadeem
245
_a
Bachpan ka december
260
_a
Lahore,
_b
Ilm o irfan publishers
_c
2012
300
_a
320p. :
650
_a
Urdu literature
700
_a
Hashim Nadeem
942
_c
BK
999
_c
11516
_d
11516